000 00300 a2200145 4500
001 58140
020 _a9788587138163
040 _cAnchieta - Pituba
240 1 0 _aCadernos negros
_lpor
245 1 0 _aCadernos negros
300 _a141
362 0 _a2008
650 4 _aPoesia brasileira
942 _cBK
999 _c58140
_d58140